| 000 | 00378nam a2200169Ia 4500 | ||
|---|---|---|---|
| 001 | 7713 | ||
| 003 | IN-NITTTR | ||
| 005 | 20251114233031.0 | ||
| 008 | 251113s9999||||xx |||||||||||||| ||eng|| | ||
| 040 | _beng | ||
| 040 | _cIN-NITTTR | ||
| 041 | _aeng | ||
| 082 | _a550 J185 O | ||
| 100 | _aJagman Singh, | ||
| 245 | 0 |
_aOn and with the earth / _cJagman Singh |
|
| 942 |
_2ddc _cBK |
||
| 999 |
_c10351 _d10351 |
||